| LEADER | 01085nam a2200337 4500 | ||
|---|---|---|---|
| 001 | 000006819 | ||
| 003 | 2979 | ||
| 005 | 20110923140912.0 | ||
| 008 | 110921s1981 viesd | ||
| 020 | |c 12500đ | ||
| 041 | 0 | |a vie | |
| 082 | |a 959.4 |b Tim | ||
| 245 | 1 | 0 | |a Tìm hiểu Lịch sử - Văn hóa Nước Lào |n Tập 2 |
| 260 | |a H. |b Khoa học xã hội |c 1981 | ||
| 300 | |a 148 tr |c 19 cm | ||
| 653 | |a Tìm hiểu | ||
| 653 | |a Lịch sử | ||
| 653 | |a Văn hóa | ||
| 653 | |a Nước Lào | ||
| 773 | |t Tìm hiểu Lịch sử - Văn hóa Nước Lào |w 2977 | ||
| 910 | |a Nguyễn Thị Kim Oanh |d 21/09/2011 | ||
| OWN | |a LSP | ||
| AVA | |a UDN50 |b LSP |d 959.4 Tim |e available |t Error 5001 Not defined in file expand_doc_bib_avail. |f 4 |g 1 |h N |i 0 |k 1 | ||
| 999 | |a From the UDN01 | ||
| AVA | |a UDN50 |b LSP |d 959.4 Tim |e available |t Error 5001 Not defined in file expand_doc_bib_avail. |f 4 |g 1 |h N |i 0 |k 1 | ||
| TYP | |a Monograph | ||
| TYP | |a Printed language | ||
| 980 | |a Mạng thư viện Đại học Đà Nẵng | ||